Religión y patria / (Record no. 185665)

MARC details
000 -LEADER
campo de control de longitud fija 01035nam a2200253 i 4500
001 - NÚMERO DE CONTROL
campo de control 185665
003 - IDENTIFICADOR DE NÚMERO DE CONTROL
campo de control ES-MaACL
005 - FECHA Y HORA DE LA ÚLTIMA TRANSACCIÓN
campo de control 20230906222505.0
008 - DATOS DE LONGITUD FIJA--INFORMACIÓN GENERAL
campo de control de longitud fija 160802s1890 sp |||| | spa d
080 ## - NÚMERO DE LA CLASIFICACIÓN DECIMAL UNIVERSAL
Número de la Clasificación Decimal Universal 821.131.1-31"18"
080 ## - NÚMERO DE LA CLASIFICACIÓN DECIMAL UNIVERSAL
Número de la Clasificación Decimal Universal 94(4)"1571"(0:82)
100 1# - ENTRADA PRINCIPAL--NOMBRE DE PERSONA
Nombre de persona Rondina, Francesco Saverio.
9 (RLIN) 132048
245 10 - MENCIÓN DEL TÍTULO
Título Religión y patria /
Mención de responsabilidad, etc. por el Rdo. P. D. Francisco Javier Rondina ... ; examinado y corregido por su autor ; traducido por José María Carulla.
260 ## - PUBLICACIÓN, DISTRIBUCIÓN, ETC.
Lugar de publicación, distribución, etc. [S.l.] :
Nombre del editor, distribuidor, etc. [s.n.],
Fecha de publicación, distribución, etc. 1890 (
Lugar de fabricación/manufactura Madrid :
Fabricante Imp. de José Perales y Martínez)
300 ## - DESCRIPCIÓN FÍSICA
Extensión 298 p. ;
Dimensiones 24 cm.
490 1# - MENCIÓN DE SERIE
Mención de serie Biblioteca de selectos autores católicos ;
Designación de volumen o secuencia 1
530 ## - NOTA DISPONIBLE DE FORMULARIO FÍSICO ADICIONAL
Nota de formato físico adicional disponible Disponible en formato digital.
650 ## - PUNTO DE ACCESO ADICIONAL DE MATERIA--TÉRMINO DE MATERIA
Término de materia o nombre geográfico como elemento de entrada Batalla de Lepanto, 1571-
Subdivisión de forma Novelas.
9 (RLIN) 160282
700 0# - ENTRADA AGREGADA--NOMBRE PERSONAL
Nombre de persona Carulla, José María.
9 (RLIN) 35912
830 0# - PUNTO DE ACCESO ADICIONAL DE SERIE-TÍTULO UNIFORME
Título uniforme Biblioteca de selectos autores católicos ;
Designación de volumen o secuencia 1
9 (RLIN) 225261
852 ## - LOCALIZACIÓN
Ubicación ES-MaACL
Número de control de estantería G-5370
856 ## - LOCALIZACIÓN Y ACCESO ELECTRÓNICOS
Identificador Uniforme de Recursos <a href="http://bdh-rd.bne.es/viewer.vm?id=0000108279&page=1 ">http://bdh-rd.bne.es/viewer.vm?id=0000108279&page=1 </a>
Nota pública Biblioteca Digital Hispánica
Holdings
Estatus retirado Estado de pérdida Estado de daño No para préstamo Colección Biblioteca de origen Biblioteca actual Ubicación en estantería Fecha de adquisición Fuente de adquisición Total de préstamos Signatura topográfica completa Código de barras Visto por última vez Precio de reemplazo Tipo de ítem Koha
        Colección digital Biblioteca del Ateneo de Madrid Biblioteca del Ateneo de Madrid Depósito 2 02/08/2016     G-5370 1195715 23/02/2023 23/02/2023 Libro impreso antiguo